|
|
|
|
| LEADER |
00000cam a2200000 7i4500 |
| 001 |
0000002847 |
| 002 |
000003082 |
| 005 |
20080514.0 |
| 020 |
|
|
|a 0748100180
|
| 090 |
0 |
0 |
|a 358.18
|b GRO
|
| 100 |
1 |
|
|a Grove, Eric
|
| 245 |
1 |
0 |
|a World War II Tanks
|c Eric Grove
|
| 260 |
|
|
|a London :
|b Black Cat ,
|c 1987
|
| 300 |
|
|
|a 142p. :
|b ill. ;
|c 28cm.
|
| 650 |
0 |
0 |
|a Tank warfare
|
| 650 |
0 |
0 |
|a Tanks (Military science)
|
| 999 |
|
|
|a 035184
|b BUKU
|c PINJAMAN
|e PERPUSTAKAAN KOMUNITI PETALING JAYA
|
| 999 |
|
|
|a 035185
|b BUKU
|c PINJAMAN
|e PERPUSTAKAAN KOMUNITI PETALING JAYA
|
| 999 |
|
|
|a 035186
|b BUKU
|c PINJAMAN
|e PERPUSTAKAAN KOMUNITI PETALING JAYA
|